Los orígenes del gobierno virreinal en las Indias Española (Record no. 118740)

MARC details
000 -LEADER
campo de control de longitud fija 01101nam a2200241 i 4500
001 - NÚMERO DE CONTROL
campo de control 118740
003 - IDENTIFICADOR DE NÚMERO DE CONTROL
campo de control ES-MaACL
005 - FECHA Y HORA DE LA ÚLTIMA TRANSACCIÓN
campo de control 20251009181517.0
007 - CAMPO FIJO DE DESCRIPCIÓN FÍSICA--INFORMACIÓN GENERAL
campo de control de longitud fija t|
008 - DATOS DE LONGITUD FIJA--INFORMACIÓN GENERAL
campo de control de longitud fija 070214s1928 sp r ||||1| spa d
100 1# - ENTRADA PRINCIPAL--NOMBRE DE PERSONA
Nombre de persona Pérez-Bustamante, Ciriaco,
Fechas asociadas al nombre 1896-1975
9 (RLIN) 90682
245 14 - MENCIÓN DEL TÍTULO
Título Los orígenes del gobierno virreinal en las Indias Española
Resto del título : D. Antonio de Mendoza, primer virrey de la Nueva España (1535-50) /
Mención de responsabilidad, etc. por el Dr. Ciriaco Pérez Bustamante ; con un prólogo del Dr. Carlos Pereyra y nota preliminar del Excmo. Sr. D. Luis Blanco Rivero.
260 ## - PUBLICACIÓN, DISTRIBUCIÓN, ETC.
Lugar de publicación, distribución, etc. Santiago :
Nombre del editor, distribuidor, etc. [s.n.],
Fecha de publicación, distribución, etc. 1928 (
Fabricante Tip. del Eco Franciscano)
300 ## - DESCRIPCIÓN FÍSICA
Extensión XV, 230 p. ;
Dimensiones 26 cm.
490 1# - MENCIÓN DE SERIE
Mención de serie Anales de la Universidad de Santiago ;
Designación de volumen o secuencia 3
500 ## - NOTA GENERAL
Nota general Precede al ti. : Anales de la Universidad de Santiago.
600 14 - PUNTO DE ACCESO ADICIONAL DE MATERIA--NOMBRE DE PERSONA
Nombre de persona Mendoza, Antonio de,
Títulos y otros términos asociados al nombre Virrey de México,
Fechas asociadas al nombre m. 1552
9 (RLIN) 80239
700 1# - ENTRADA AGREGADA--NOMBRE PERSONAL
Nombre de persona Pereyra, Carlos,
Fechas asociadas al nombre 1871-1942
9 (RLIN) 90541
700 1# - ENTRADA AGREGADA--NOMBRE PERSONAL
Nombre de persona Blanco y Rivero, Luis.
9 (RLIN) 126010
830 0# - PUNTO DE ACCESO ADICIONAL DE SERIE-TÍTULO UNIFORME
Título uniforme Anales de la Universidad de Santiago ;
Designación de volumen o secuencia 3
9 (RLIN) 218534
852 ## - LOCALIZACIÓN
Ubicación ES-MaACL
Número de control de estantería F-16189
Sublocalización o colección R.19687
Holdings
Estatus retirado Estado de pérdida Estado de daño No para préstamo Biblioteca de origen Biblioteca actual Ubicación en estantería Fecha de adquisición Fuente de adquisición Total de préstamos Signatura topográfica completa Código de barras Visto por última vez Precio de reemplazo Tipo de ítem Koha
        Biblioteca del Ateneo de Madrid Biblioteca del Ateneo de Madrid Sala Pecera Planta 2 17/01/2008     F-16189 1123784 23/02/2023 23/02/2023 Libro impreso